Fundamentos de odontología : (Registro nro. 23351)

Detalles MARC
000 -LEADER
fixed length control field 01181nam a2200289 4500
001 - CONTROL NUMBER
control field 0000021730
003 - CONTROL NUMBER IDENTIFIER
control field CO-CtgCURN
005 - DATE AND TIME OF LATEST TRANSACTION
control field 20250526165956.0
007 - PHYSICAL DESCRIPTION FIXED FIELD--GENERAL INFORMATION
fixed length control field ta
008 - FIXED-LENGTH DATA ELEMENTS--GENERAL INFORMATION
fixed length control field 160627s2003 000 0 eng d
020 ## - INTERNATIONAL STANDARD BOOK NUMBER
International Standard Book Number 9589400698
040 ## - CATALOGING SOURCE
Original cataloging agency CO-CtgCURN
Language of cataloging spa
Transcribing agency coctgcurn
082 0# - DEWEY DECIMAL CLASSIFICATION NUMBER
Classification number 617.634
Item number T629m
100 1# - MAIN ENTRY--PERSONAL NAME
Personal name Tobon C., Diego.
245 10 - TITLE STATEMENT
Title Fundamentos de odontología :
Remainder of title manual básico de endodoncia /
Statement of responsibility, etc. Diego Tobon C.
260 ## - PUBLICATION, DISTRIBUTION, ETC.
Place of publication, distribution, etc. Medellin :
Name of publisher, distributor, etc. CIB (Corporación para Investigaciones biologicas),
Date of publication, distribution, etc. 2003.
300 ## - PHYSICAL DESCRIPTION
Extent 113 p.
336 ## - CONTENT TYPE
Source rdacontent
337 ## - MEDIA TYPE
Source rdamedia
Media type term sin mediacion
Media type code n
338 ## - CARRIER TYPE
Source rdacarrier
Carrier type term volumen
Carrier type code nc
500 ## - GENERAL NOTE
General note Incluye indice.
505 8# - FORMATTED CONTENTS NOTE
Formatted contents note Examen y diagnostico en endodoncia.--Anatomía de camara pulpar y conductos radiculares.--Acceso cameral.--Instrumental en endodocia.--Aislamiento del campo operatorio.--Conformacion y desinfección de los conductos radiculares.--Obturacion de los conductos radiculares.--Relaciones endodoncia periodoncia
650 14 - SUBJECT ADDED ENTRY--TOPICAL TERM
Topical term or geographic name entry element Endodoncia.
908 ## - PUT COMMAND PARAMETER (RLIN)
Put command parameter 160627
942 ## - ADDED ENTRY ELEMENTS (KOHA)
Koha item type Libros
Classification part 617.634
Item part T629m
Source of classification or shelving scheme Dewey Decimal Classification
Suppress in OPAC No
Existencias
Withdrawn status Lost status Source of classification or shelving scheme Damaged status Not for loan Collection Home library Current library Shelving location Date acquired Inventory number Total checkouts Full call number Barcode Date last seen Date last checked out Price effective from Koha item type Public note
    Dewey Decimal Classification     General Miguel Henríquez Emiliani Miguel Henríquez Emiliani General 03/31/2025 013571 1 617.634 T629m 013571 03/06/2026 02/27/2026 03/31/2025 Libros 610-CIENME